| Tag |
First Indicator |
Second Indicator |
Subfields |
| LEADER |
00000cam a22000008a 4500 |
| 001 |
in00001143921 |
| 005 |
20150930094301.0 |
| 008 |
930331s1993 nyu b 101 0 eng |
| 010 |
|
|
|a 93015664
|
| 020 |
|
|
|a 0306444909
|
| 035 |
|
|
|a (OCoLC)28025114
|
| 035 |
|
|
|9 AGB2952AM
|
| 040 |
|
|
|a DLC
|c DLC
|d TXA
|d UtOrBLW
|
| 049 |
|
|
|a TXAM
|
| 050 |
0 |
0 |
|a QC611.6.H67
|b N44 1993
|
| 082 |
0 |
0 |
|a 537.6/226
|2 20
|
| 245 |
0 |
0 |
|a Negative differential resistance and instabilities in 2-D semiconductors /
|c edited by N. Balkan, B.K. Ridley, and A.J. Vickers.
|
| 264 |
|
1 |
|a New York :
|b Plenum Press,
|c [1993]
|
| 264 |
|
4 |
|c ©1993
|
| 300 |
|
|
|a 443 pages :
|b illustrations
|
| 336 |
|
|
|a text
|b txt
|2 rdacontent
|
| 337 |
|
|
|a unmediated
|b n
|2 rdamedia
|
| 338 |
|
|
|a volume
|b nc
|2 rdacarrier
|
| 490 |
1 |
|
|a NATO ASI series. Series B, Physics ;
|v vol. 307
|
| 500 |
|
|
|a "Published in cooperation with NATO Scientific Affairs Division."
|
| 500 |
|
|
|a "Proceedings of a NATO Advanced Research Workshop on Negative Differential Resistance and Instablities in 2-D Semiconductors, held September 20-25, 1992, in Il Ciocco, Lucca, Italy"--Title page verso.
|
| 504 |
|
|
|a Includes bibliographical references and index.
|
| 650 |
|
0 |
|a Hot carriers
|x Congresses.
|
| 650 |
|
0 |
|a Semiconductors
|v Congresses.
|
| 650 |
|
0 |
|a Transport theory
|v Congresses.
|
| 650 |
|
0 |
|a Electric resistance
|x Congresses.
|
| 650 |
|
0 |
|a Gunn effect
|x Congresses.
|
| 700 |
1 |
|
|a Balkan, N.
|
| 700 |
1 |
|
|a Ridley, B. K.
|
| 700 |
1 |
|
|a Vickers, A. J.
|
| 710 |
2 |
|
|a North Atlantic Treaty Organization.
|b Scientific Affairs Division.
|
| 711 |
2 |
|
|a NATO Advanced Research Workshop on Negative Differential Resistance and Instabilities in 2-D Semiconductors
|d (1992 :
|c Il Ciocco, Italy)
|
| 830 |
|
0 |
|a NATO ASI series.
|n Series B,
|p Physics ;
|v v. 307.
|
| 999 |
|
|
|a MARS
|
| 999 |
f |
f |
|s c916686b-3bd4-34b6-be1b-0901d23eceda
|i 155a7edf-f909-3c5d-9f61-54d9d4792e55
|t 0
|
| 952 |
f |
f |
|p normal
|a Texas A&M University
|b College Station
|c Sterling C. Evans Library
|d Evans: Library Stacks
|t 0
|e QC611.6.H67 N44 1993
|h Library of Congress classification
|i unmediated -- volume
|m A14817450742
|
| 998 |
f |
f |
|a QC611.6.H67 N44 1993
|t 0
|l Evans: Library Stacks
|